Statistics for Can You Name Countries in Europe with Less then 100 Thousand People?

Click here to take the quiz!

General Stats

  • This quiz has been taken 47 times
    (44 since last reset)
  • The average score is 5 of 5

Answer Stats

HintAnswer% Correct
Population:801Vatican city
100%
Population:77,265Andorra
98%
Population:39,242Monaco
98%
Population:33,931San Marino
98%
Population:38,128Liechtenstein
95%

Score Distribution

Percentile by Number Answered

Percent of People with Each Score

Your Score History

You have not taken this quiz since the last reset